Κατάλογος Βιβλιοθηκών Mediterranean College

Cultural Reproduction (Record no. 2452)

MARC details
000 -LEADER
fixed length control field 01385cam a22001934a 4500
005 - ΗΜΕΡΟΜΗΝΙΑ ΚΑΙ ΩΡΑ ΤΕΛΕΥΤΑΙΑΣ ΕΝΗΜΕΡΩΣΗΣ
Πεδίο ελέγχου 20250605164042.0
008 - FIXED-LENGTH DATA ELEMENTS--GENERAL INFORMATION
Πεδίο ελέγχου σταθερού μήκους 250528s ||||||||||||||||||||||||d
035 ## - SYSTEM CONTROL NUMBER
System control number 17011
020 ## - ISBN
ISBN 415071836
040 ## - ΠΗΓΗ ΚΑΤΑΛΟΓΟΓΡΑΦΗΣΗΣ
Φορέας πρωτότυπης καταλογογράφησης MC Athens Campus Library
Γλώσσα καταλογογράφησης Ελληνικά, Μοντέρνα (1453-)
Modifying agency MC Athens Campus Library
Κανόνες περιγραφικής καταλογογράφησης AACR2
245 1# - ΤΙΤΛΟΣ ΚΑΙ ΔΗΛΩΣΗ ΥΠΕΥΘΥΝΟΤΗΤΑΣ
Τίτλος Cultural Reproduction
260 ## - PUBLICATION, DISTRIBUTION, ETC.
Name of publisher, distributor, etc. Rouledge,
Date of publication, distribution, etc. 1993
300 ## - PHYSICAL DESCRIPTION
Extent 262
520 ## - SUMMARY, ETC.
Summary, etc. This timely and lively book explores a widely used but under-examined concept of social process. Notes on Contributors, Introduction: The Analytic Bases of Cultural Reproduction Theory, Economy and Strategy: The Possibility of Feminism, The Natural Man and the Virtuous Woman: Reproducing Citizens, Yes-But Logic: The Quasi-Science of Cultural Reproduction, A Report on the Western Front: Postmodernism and the ''Politics'' of Style, Culture Made and Found and Lost: The Cases of Climbing and Art, The Necessity of Tradition: Sociology or the Postmodern?, Snapshots: Notes on Myth and Memory and Technology: Short Fictions Concerning the Camera, Everyday Life and Technoscience and Cultural Analysis: A One-Sided Conservation, Unfixing the Subject: Viewing Bad Timing, Going Shopping: Markets and Crowds and Consumption, Manet and Durkheim: Images and Theories of Re-Production, The Role of Ideology in Cultural Re-Production, Name and Subject Index.
700 1# - ΠΡΟΣΘΕΤΗ ΑΝΑΓΡΑΦΗ--ΦΥΣΙΚΟ ΠΡΟΣΩΠΟ
Personal name Jenks Chris
9 (RLIN) 3143
942 ## - ADDED ENTRY ELEMENTS (KOHA)
Koha item type Books
Holdings
Τύπος τεκμηρίου Βιβλιοθήκη Τρέχουσα τοποθεσία Barcode Αριθμός εισαγωγής Ημερομηνία απόκτησης Ταξιθετικό σύμβολο Αριθμός αντιτύπου Κατάσταση απόσυρσης Κατάσταση χαμένου Κατάσταση κατεστραμμένου Μη δανεισμός Σύνολο δανεισμών Ημερομηνία τελευταίας εμφάνισης Η τιμή ισχύει από
Books MC Athens Campus Library MC Athens Campus Library 9780000024510 6644 05/06/2025 306 JEN 1           05/06/2025 05/06/2025

MC Athens Campus Library
Πατησίων 94 & Κοδριγκτώνος 13, 104 34
Πελλήνης 8 & Πατησίων 107, 112 51
Τ: +30 210 8899600

MC Thessaloniki Campus Library
Ίωνος Δραγούμη 21, 54625 | Ίωνος Δραγούμη 15, 54625
Τ: +30 2310 287779 – Τ: +30 2314 440300